Memoria correspondiente a los trabajos efectuados... durante los años 1914 a 1920 / (Record no. 109242)

MARC details
000 -LEADER
campo de control de longitud fija 00910nam a2200205 i 4500
001 - NÚMERO DE CONTROL
campo de control 109242
003 - IDENTIFICADOR DE NÚMERO DE CONTROL
campo de control ES-MaACL
005 - FECHA Y HORA DE LA ÚLTIMA TRANSACCIÓN
campo de control 20230906184815.0
007 - CAMPO FIJO DE DESCRIPCIÓN FÍSICA--INFORMACIÓN GENERAL
campo de control de longitud fija t|
008 - DATOS DE LONGITUD FIJA--INFORMACIÓN GENERAL
campo de control de longitud fija 061121s1923 sp r ||||1| spa d
110 2# - ENTRADA PRINCIPAL--NOMBRE DE ENTIDAD CORPORATIVA
Nombre de entidad corporativa o nombre de jurisdicción como elemento de entrada Estación Enológica de Reus.
9 (RLIN) 4014
245 10 - MENCIÓN DEL TÍTULO
Título Memoria correspondiente a los trabajos efectuados... durante los años 1914 a 1920 /
Mención de responsabilidad, etc. formulada por Claudio Oliveras Massó.
260 ## - PUBLICACIÓN, DISTRIBUCIÓN, ETC.
Lugar de publicación, distribución, etc. Reus :
Nombre del editor, distribuidor, etc. [s.n.],
Fecha de publicación, distribución, etc. 1923 (
Fabricante Tall. Gráf. Eduardo Rivas)
300 ## - DESCRIPCIÓN FÍSICA
Extensión 227 p. lám. I-46 neg. col. ;
Dimensiones 23 cm.
500 ## - NOTA GENERAL
Nota general Precede al tít.: Ministerio de Fomento. Dirección General de Agricultura y Montes, Escuela de Viticultura y Enología, Estación Enológica de Reus.
505 8# - NOTA DE CONTENIDO CON FORMATO
Nota de contenido con formato Contiene: T. III. Campañas y experimentaciones contra el mildiu y el oidium
650 #4 - PUNTO DE ACCESO ADICIONAL DE MATERIA--TÉRMINO DE MATERIA
Término de materia o nombre geográfico como elemento de entrada Vid-
Subdivisión general Plagas y enfermedades.
9 (RLIN) 149157
700 1# - ENTRADA AGREGADA--NOMBRE PERSONAL
Nombre de persona Oliveras Massó, Claudio.
9 (RLIN) 86864
852 ## - LOCALIZACIÓN
Ubicación ES-MaACL
Número de control de estantería B-13123
Holdings
Estatus retirado Estado de pérdida Estado de daño No para préstamo Biblioteca de origen Biblioteca actual Ubicación en estantería Fecha de adquisición Fuente de adquisición Total de préstamos Signatura topográfica completa Código de barras Visto por última vez Precio de reemplazo Tipo de ítem Koha
        Biblioteca del Ateneo de Madrid Biblioteca del Ateneo de Madrid Sala Pardo Bazán 17/01/2008     B-13123 1113987 23/02/2023 23/02/2023 Libro impreso